000 00455nam a2200169Ia 4500
999 _c28873
_d28873
003 OSt
005 20201228153954.0
008 190216s9999||||xx |||||||||||||| ||und||
040 _coclc
082 _a700
_bSAJ/P
100 _aSajeesh, N P
_97933
245 0 _aPurushaveshangal /
_cN P Sajeesh
260 _bFabian Boks,
_aAlappuzha:
_c2006.
300 _a160p
650 _aLekhanam
942 _cBK
_2ddc
_h700
_iSAJ/P
_k700
_mSAJ/P